Largest Cities in Sicily - Statistics

General Stats
  • This quiz has been taken 192 times
  • The average score is 7 of 10
Answer Stats
Population City % Correct
630,828 Palermo
100%
298,324 Catania
97%
220,094 Messina
92%
116,447 Syracuse
90%
64,486 Trapani
75%
72,690 Ragusa
70%
80,071 Marsala
59%
59,063 Caltanissetta
53%
71,708 Gela
50%
62,332 Vittoria
31%
No matching quizzes found
Score Distribution
Percent of People with Each Score
Percentile by Number Answered
Your Score History
You have not taken this quiz